| 000 | 00514nam a22002057a 4500 | ||
|---|---|---|---|
| 001 | nam a22 7a 4500 | ||
| 003 | OSt | ||
| 005 | 20211027092803.0 | ||
| 007 | nam a22 7a 4500 | ||
| 008 | 211027b |||||||| |||| 00| 0 eng d | ||
| 010 | _a nam a22 7a 4500 | ||
| 020 | _a812390293 | ||
| 040 | _cHU | ||
| 082 | _a543/ALE/1979 | ||
| 100 |
_aAlexeyev V. _915750 |
||
| 245 | _aQuantitative Analysis | ||
| 260 |
_aIndia _bCBS Publishers & Distributors _c1979 |
||
| 300 | _a519p | ||
| 942 |
_2ddc _cBOOKS _n0 |
||
| 999 |
_c15175 _d15175 |
||